|
|
|
|
| LEADER |
00000naa2a2200000 4500 |
| 001 |
177344 |
| 005 |
20231031165616.0 |
| 035 |
|
|
|a (RuTPU)RU\TPU\book\192256
|
| 090 |
|
|
|a 177344
|
| 100 |
|
|
|a 20100315d2009 k y0rusy50 ca
|
| 101 |
0 |
|
|a rus
|
| 102 |
|
|
|a RU
|
| 200 |
1 |
|
|a Личностные качества преподавателя
|f Т. А. Слистина
|
| 320 |
|
|
|a Библиогр.: 3 назв.
|
| 463 |
|
0 |
|0 (RuTPU)RU\TPU\book\186925
|t Модернизация инженерного и общего образования: проблемы и перспективы
|o труды VII Всероссийской научно-практической конференции, 12 ноября 2009 года Юрга
|f Томский политехнический университет (ТПУ), Юргинский технологический институт (ЮТИ)
|v С. 116-118
|d 2009
|p 279 с.
|
| 610 |
1 |
|
|a преподаватели
|
| 610 |
1 |
|
|a личностные качества
|
| 610 |
1 |
|
|a студенты
|
| 610 |
1 |
|
|a самостоятельность
|
| 610 |
1 |
|
|a труды учёных ТПУ
|
| 700 |
|
1 |
|a Слистина
|b Т. А.
|
| 801 |
|
1 |
|a RU
|b 63413507
|c 20100315
|
| 942 |
|
|
|c BK
|